| 000 | 00485nam a2200193Ia 4500 | ||
|---|---|---|---|
| 005 | 20140314153237.0 | ||
| 008 | 140130s9999 xx 000 0 und d | ||
| 020 | _a0439704642 | ||
| 050 |
_aPZ 7 _b.Au898Po 2004 |
||
| 100 | _aAuch, Mary Jane | ||
| 245 |
_cAuch, Mary Jane _aPoultrygeist / |
||
| 260 |
_bScholastic, _c2004. _aNew York : |
||
| 300 |
_a1 v. (unpaged) : _bcol. ill. ; _c29 cm. |
||
| 440 | _v1 | ||
| 521 | _aG2 | ||
| 526 | _c410 | ||
| 942 |
_cBK _2lcc |
||
| 999 |
_c40279 _d40279 |
||